Statistics for German Words

Click here to take the quiz!

General Stats

  • This quiz has been taken 550 times
  • The average score is 8 of 15

Answer Stats

German WordTranslation% Correct
waswhat
93%
wannwhen
89%
gebento give
85%
zusammentogether
81%
die Freizeitfreetime
76%
nehmento take
74%
traurigsad
73%
schonalready
56%
das Schauspielthe play
40%
besondersespecially
35%
ein Portemonnaiea wallet
33%
die Halskettethe necklace
32%
empfehlento recommend
30%
verbringento spend
27%
gleichyet
8%

Score Distribution

Percentile by Number Answered

Percent of People with Each Score

Your Score History

You have not taken this quiz